| 000 | 00000nam##2200000za#4500 |
| 001 | 9.697560 |
| 003 | CaOODSP |
| 005 | 20210624235533 |
| 007 | cr ||||||||||| |
| 008 | 150407|2008||||xxc|||||o f|0| 0 eng|d |
| 040 | |aCaOODSP|beng |
| 043 | |an-cn--- |
| 086 | 1 |aH14-75/2008E-PDF |
| 110 | 1 |aCanada. |bHealth Canada. |
| 245 | 10|aAudit of data integrity for the Standard Payment System (interdepartmental settlements) : |h[electronic resource]|bfinal audit report / |c[by] Audit and Accountability Bureau. |
| 260 | |aOttawa - Ontario : |bHealth Canada |cJune 2008. |
| 300 | |a10p.|bfig. |
| 590 | |a13-08-Supp|b2013-04-02 |
| 775 | 08|tVérification de l'intégrité des données du Système normalisé des paiements (règlements interministériels) : |w(CaOODSP)9.641601 |
| 856 | 40|ahttp://publications.gc.ca|qPDF|s160 KB|uhttps://publications.gc.ca/collections/collection_2013/sc-hc/H14-75-2008-eng.pdf |